Visualizzazione normale
Vista MARC
- International Colloquium on the Common Christian Roots of the European Nations
di Meeting Name
Records bibliografici associati: 1
001 - CONTROL NUMBER
- control field: 51679
003 - CONTROL NUMBER IDENTIFIER
- control field: IT-RoINE
005 - DATE AND TIME OF LATEST TRANSACTION
- control field: 20180716110530.0
008 - FIXED-LENGTH DATA ELEMENTS
- fixed length control field: 180716|| aca||aabn | a|a d
040 ## - CATALOGING SOURCE
- Original cataloging agency: IT-RoINE
- Transcribing agency: IT-RoINE
111 ## - HEADING--MEETING NAME
- Meeting name or jurisdiction name as entry element: International Colloquium on the Common Christian Roots of the European Nations
- Date of meeting: (1981.
- Location of meeting: Roma, Italia)
670 ## - SOURCE DATA FOUND
- Source citation: Work cat.: (IT-RoINE)0: The Common Christian roots of the European Nations :, c1982.